000 00484nam a2200193 a 4500
001 1758259573134
003 ACL
005 20250919105751.0
008 250919s1955##################000#0#eng##
020 _a9780486410975
082 0 4 _a792.95
_bWEB
100 1 _aWebster, Margaret,
_eauthor.
245 1 0 _aShakespeare Without Tears :
260 _bCourier Corporation,
_c1955.
300 _a335 pages
650 0 _aPerforming Arts.
942 _cENGLISH
040 _aACL
_beng
_cACL
999 _c587959
_d587959